000
00209nam a2200109Ia 4500
100
_a
DR.LI/ZHISUI
942
_c
BK
245
_a
PRIVATE LIFE OF CHAIRMAN.
260
_b
#N/A
546
_a
ENGLISH
999
_c
25478
_d
25478